The poetics of digital media (Record no. 365853)
[ view plain ]
| 000 -LEADER | |
|---|---|
| fixed length control field | 00574nam a22001937a 4500 |
| 003 - CONTROL NUMBER IDENTIFIER | |
| control field | 0 |
| 005 - DATE AND TIME OF LATEST TRANSACTION | |
| control field | 20240111124032.0 |
| 008 - FIXED-LENGTH DATA ELEMENTS--GENERAL INFORMATION | |
| fixed length control field | 240111b xxu||||| |||| 00| 0 eng d |
| 020 ## - INTERNATIONAL STANDARD BOOK NUMBER | |
| International Standard Book Number | 978-0-7456-5132-3 |
| 050 ## - LIBRARY OF CONGRESS CALL NUMBER | |
| Classification number | P 90 |
| Item number | .F76 2019 |
| 100 ## - MAIN ENTRY--PERSONAL NAME | |
| Personal name | Frosh, Paul |
| 245 ## - TITLE STATEMENT | |
| Title | The poetics of digital media |
| Statement of responsibility, etc | Paul Frosh |
| 260 ## - PUBLICATION, DISTRIBUTION, ETC. (IMPRINT) | |
| Place of publication, distribution, etc | Medford, MA |
| Name of publisher, distributor, etc | Polity |
| Date of publication, distribution, etc | c2019. |
| 300 ## - PHYSICAL DESCRIPTION | |
| Extent | xix, 220 pages ; |
| Dimensions | 22 cm. |
| 504 ## - BIBLIOGRAPHY, ETC. NOTE | |
| Bibliography, etc | Includes bibliographical references, glossary, and index. |
| 650 ## - SUBJECT ADDED ENTRY--TOPICAL TERM | |
| Topical term or geographic name as entry element | Mass media--Philosophy. |
| 650 ## - SUBJECT ADDED ENTRY--TOPICAL TERM | |
| Topical term or geographic name as entry element | Digital media--Philosophy. |
| 942 ## - ADDED ENTRY ELEMENTS (KOHA) | |
| Source of classification or shelving scheme | Library of Congress Classification |
| Koha item type | Books |
| Withdrawn status | Lost status | Source of classification or shelving scheme | Damaged status | Home library | Current library | Shelving location | Date acquired | Source of acquisition | Sub Shelving location | Total Checkouts | Full call number | Barcode | Date last seen | Price effective from | Koha item type |
|---|---|---|---|---|---|---|---|---|---|---|---|---|---|---|---|
| Library of Congress Classification | College Library | College Library | Reserve Section | 01/11/2024 | Library Fund | P 90 .F76 2019 | C23242 | 01/11/2024 | 01/11/2024 | Books | |||||
| Library of Congress Classification | College Library | College Library | Reserve Section | 08/15/2024 | Library Fund | P 90 .F76 2019 | C23381 | 08/15/2024 | 08/15/2024 | Books |